Statistics for Language Families Quiz

Click here to take the quiz!

General Stats

  • This quiz has been taken 122 times
  • The average score is 6 of 10

Answer Stats

Largest LanguageLarge BranchesPhylum% Correct
EnglishAlbanian, Armenian, Balto-Slavic, Celtic, Germanic, Hellenic, Indo-Iranian, Italic, Anatolian, Illyrian, Daco-Thracian, TocharianIndo-European
99%
HungarianFinnic, Hungarian, Khanty, Mansi, Mari, Mordvinic, Permic, Sami, SamoyedicUralic
82%
MandarinSinitic, Lolo-Burmese, Tibetic, Karenic, Bodo-Garo, Kuki-Chin, Meitei, Tamangic, Bai, Jingpho-LuishSino-Tibetan
80%
TamilNorthern, Central, South-Central, SouthernDravidian
72%
ArabicBerber, Chadic, Cushitic, Egyptian, Omotic, SemiticAfroasiatic
69%
SwahiliDogon, Mande, Ijo, LafofaNiger-Congo
63%
VietnameseMunda, Khasi–Palaungic, Khmuic, Mangic, Vietic, Katuic, Bahnaric, Khmer, Pearic, Monic, Aslian, Nicobarese, ShompenAustroasiatic
49%
KhoekhoeKhoe–Kwadi, Kxʼa, Tuu, Sandawe, HadzaKhoisan
41%
GreenlandicInuit, Yupik, AleutEskimo-Aleut
40%
HmongHmongic, MienicHmong-Mien
34%

Score Distribution

Percentile by Number Answered

Percent of People with Each Score

Your Score History

You have not taken this quiz